000 004580000a22001570004500
020 _a0-85110-595-5
041 0 _aENG
082 0 4 _aG 901 B387q
100 1 _aBebbington, David William (1949-)
245 1 0 _aPatterns in history / David Bebbington
260 _aLeicester, Inglaterra : InterVarsity
300 _a211 Pag
650 1 4 _aHISTORIA - ASPECTOS RELIGIOSOS - CRISTIANISMO \ FILOSOFIA DE LA HISTORIA \ HISTORIOGRAFIA
001 11243
942 _cBK
999 _c40601
_d40601